Investing in the children of the islamic world (Record no. 6345)

MARC details
000 -BAŞLIK
Sabit Uzunlukta Kontrol Alanı 00648na a2200229 4500
001 - KONTROL NUMARASI
Denetim Alanı 20131
003 - KONTROL NUMARASI IDENTIFIER
Denetim Alanı MIRAKIL
005 - SON İŞLEM TARİHİ VE ZAMANI
Denetim Alanı 20181213155104.0
008 - SABİT-BOY VERİ ELEMANLARI - GENEL BİLGİLER
Sabit Uzunlukta Kontrol Alanı 170104b tu 000 0
020 ## - ULUSLARARASI STANDART KİTAP NUMARASI
Uluslararası Standart Kitap Numarası 928063898X
040 ## - KATALOGLAMA KAYNAK
Orijinal Kataloglama Ajansı Milas
Kataloglama Dili tur
Metne Dönüştürmek Ajansı TR-AnCHP
041 ## - DİL KODU
Metin / Ses Parça Veya Ayrı Başlığın Dil Kodu eng
082 ## - DEWEY ONLU SINIFLANDIRMA NUMARASI
Sınıflandırma Numarası 362.7
Ürün Numarası I58 2005
090 ## - SINIFLAMA NUMARASI
Sınıflama Numarası 362.7 I58 2005
245 ## - BAŞLIK TABLOSU
Başlık Investing in the children of the islamic world
Sorumluluk Tablosu, Vb UNICEF
260 ## - YAYIN, DAĞITIM, VB
Yayın, Dağıtım, Vb Yeri New York
Yayıncı, Dağıtıcı, Vs Adı UNICEF
Yayın, Dağıtım, Vb Tarihi 2005
300 ## - FİZİKSEL TANIM
Kapsam 44 s.
Diğer Fiziksel Ayrıntıları res.; tbl.; grf.
Boyutlar 28 sm.
504 ## - KAYNAKÇA VB NOT
Kaynakça Vb Notu Kaynakça var.
650 ## - KONU KATMA GİRİŞ - TOPİKAL DÖNEM
Topikal Süreli Veya Coğrafi Ad Giriş Elemanı Çocuklar
Genel Alt Bölümü İslam ülkeleri
Kronolojik Alt Bölümü Yatırımlar
710 ## - KATMA GİRİŞ - KURUMSAL ADI
Giriş Elemanı Olarak Kurumsal Ad Veya Yargı Alanı Adı United Nations Children's Fund (UNICEF)
942 ## - EKLENDİ GİRİŞ ELEMANLARI (KOHA)
Sınıflandırma Veya Raf Düzeni Kaynak
Koha Öğesi Türü Books
999 ## - SİSTEM KONTROL NUMARALARI (KOHA)
Koha Biblionumber 6345
Koha Biblioitemnumber 6345
Holdings
Kalıcı Konum Mevcut Konum Edinme Tarihi Edinim Kaynak Toplam Check-Out'Lar Tam Çağrı Numarası Barkod Tarih Son Görülme İtibaren Geçerli Fiyatlar Koha Öğesi Türü Kopya Sayısı
CHP Kütüphanesi CHP Kütüphanesi 01/04/2017 Bağış   362.7 I58 2005 010488 01/04/2017 01/04/2017 Books  
CHP Kütüphanesi CHP Kütüphanesi 01/04/2017 Bağış   362.7 I58 2005 010489 01/04/2017 01/04/2017 Books k.2